Państwa Europy - Statystyki

Ogólne statystyki
  • Ten quiz został rozwiązany 14 razy
  • Średni wynik to 42 z 47
Odpowiedzi na mapie
Odpowiedzi zakodowano w zielono-czerwonej skali na mapie do tego quizu, zgodnie z poniższymi procentami.
 
Statystyki odpowiedzi
Państwo % Poprawnych
Dania
100%
Estonia
100%
Finlandia
100%
Francja
100%
Grecja
100%
Irlandia
100%
Islandia
100%
Litwa
100%
Łotwa
100%
Luksemburg
100%
Polska
100%
Portugalia
100%
Słowacja
100%
Słowenia
100%
Szwecja
100%
Albania
92%
Austria
92%
Belgia
92%
Białoruś
92%
Bośnia I Hercegowina
92%
Czarnogóra
92%
Czechy
92%
Hiszpania
92%
Holandia
92%
Liechtenstein
92%
Norwegia
92%
Rosja
92%
Rumunia
92%
Serbia
92%
Ukraina
92%
Watykan
92%
Węgry
92%
Wielka Brytania
92%
Włochy
92%
Andora
85%
Bułgaria
85%
Macedonia Północna
85%
Monako
85%
Niemcy
85%
San Marino
85%
Szwajcaria
85%
Chorwacja
77%
Kosowo
77%
Malta
77%
Mołdawia
77%
Turcja
54%
Kazachstan
15%
Nie znaleziono quizów pasujących do podanych kryteriów
Rozkład punktacji
Procent ludzi z każdym wynikiem
Percentyl według liczby udzielonych odpowiedzi
Twoja historia wyników
Nie rozwiązałeś tego quizu